[Event "OP-2013-0-02888"]
[Site "LSS email"]
[Date "2013.07.16"]
[Round "?"]
[White "Schnadt, Florian"]
[Black "Lenz, Juergen"]
[Result "0-1"]
[WhiteElo "1964"]
[BlackElo "1050"]
[PlyCount "32"]
[EventDate "2013.07.14"]
[EventType "tourn (corr)"]
[EventRounds "4"]
[EventCountry "GER"]
[SourceTitle "Corr 2022"]
[Source "ChessBase"]
[SourceDate "2021.10.24"]
[SourceVersion "1"]
[SourceVersionDate "2021.10.24"]
[SourceQuality "1"]

1. d4 Nf6 2. c4 c5 3. d5 Ne4 4. f3 Qa5+ 5. Nd2 Nd6 6. e4 g6 7. e5 Nf5 8. Bd3 d6 9. exd6 exd6 10. Nh3 Bg7 11. Qe2+ Kf8 12. 0-0 Nd4 13. Qf2 Bxh3 14. gxh3 Nd7 15. Qg3 Ne5 16. Bb1 Ne2+ 0-1

[Event "LSS No Engine Cup 91 Preliminary 3"]
[Site "LSS email"]
[Date "2013.07.13"]
[Round "?"]
[White "Schnadt, Florian"]
[Black "Roegiers, Ludo"]
[Result "0-1"]
[WhiteElo "1730"]
[BlackElo "1476"]
[PlyCount "52"]
[EventDate "2013.07.14"]
[EventType "tourn (corr)"]
[EventRounds "6"]
[EventCountry "GER"]
[SourceTitle "Telechess CBM 167"]
[Source "ChessBase"]
[SourceDate "2015.07.13"]
[SourceVersion "1"]
[SourceVersionDate "2015.07.13"]
[SourceQuality "1"]

1. d4 e6 2. c4 d5 3. Nc3 c6 4. Nf3 Nf6 5. Bg5 Nbd7 6. cxd5 exd5 7. Qc2 Be7 8. e3 0-0 9. Bd3 h6 10. Bf4 Nh5 11. Be5 Nxe5 12. Nxe5 Nf6 13. h3 Be6 14. 0-0-0 c5 15. g4 Rc8 16. f4 cxd4 17. exd4 Bb4 18. g5 hxg5 19. fxg5 Ne4 20. Bxe4 dxe4 21. a3 Qxg5+ 22. Kb1 Bxc3 23. bxc3 f6 24. Rdg1 Qe3 25. Qg2 Rc7 26. Qg6 Qxc3 0-1

[Event "ZI-2013-0-01572"]
[Site "LSS email"]
[Date "2013.03.21"]
[Round "?"]
[White "Correa de Almeida, Claudio"]
[Black "Schnadt, Florian"]
[Result "1-0"]
[WhiteElo "1686"]
[BlackElo "1976"]
[PlyCount "49"]
[EventDate "2013.03.16"]
[EventType "match (corr)"]
[EventRounds "2"]
[EventCountry "GER"]
[SourceTitle "Corr 2022"]
[Source "ChessBase"]
[SourceDate "2021.10.24"]
[SourceVersion "1"]
[SourceVersionDate "2021.10.24"]
[SourceQuality "1"]

1. d4 Nf6 2. Bg5 c5 3. Bxf6 gxf6 4. d5 Qb6 5. Qc1 f5 6. g3 Bg7 7. c3 Qf6 8. e3 d6 9. Ne2 Na6 10. Nd2 Nc7 11. Nf4 Bh6 12. Bg2 b5 13. 0-0 Bb7 14. a4 Bxf4 15. exf4 bxa4 16. c4 h5 17. Qc2 h4 18. Qxa4+ Kd8 19. b4 Qd4 20. bxc5 Qxd2 21. Rab1 Bc8 22. cxd6 exd6 23. Qa1 Rh7 24. Rfd1 Qc2 25. Qf6+ 1-0